[Event "Conil op 1st"]
[Site "Conil de la Frontera"]
[Date "2021.07.15"]
[Round "1"]
[White "Sevillano Leal, Julio"]
[Black "Bustos Bernardo, Samuel"]
[Result "0-1"]
[WhiteElo "1679"]
[BlackElo "2158"]
[PlyCount "70"]
[EventDate "2021.07.15"]
[EventType "swiss"]
[EventRounds "7"]
[EventCountry "ESP"]
[SourceTitle "CBM 203 Extra"]
[Source "ChessBase"]
[SourceDate "2021.09.30"]
[SourceVersion "1"]
[SourceVersionDate "2021.09.30"]
[SourceQuality "1"]

1. d4 Nf6 2. c4 e6 3. Nf3 c5 4. d5 exd5 5. cxd5 d6 6. Nc3 g6 7. h3 Nh5 8. e4 Bg7 9. Bb5+ Bd7 10. 0-0 0-0 11. Bxd7 Nxd7 12. Bg5 Bf6 13. Bxf6 Qxf6 14. Nd2 Ne5 15. Qe2 b5 16. g3 a6 17. Kh2 c4 18. f4 Nd3 19. Nf3 Rfe8 20. Rad1 b4 21. Na4 Ndxf4 22. gxf4 Qxf4+ 23. Kg2 Qg3+ 24. Kh1 Qxh3+ 25. Kg1 Ng3 26. Qg2 Qxg2+ 27. Kxg2 Nxf1 28. Kxf1 Rxe4 29. Nd4 Rae8 30. Nb6 R8e5 31. Nc6 Rf5+ 32. Kg2 Rg4+ 33. Kh3 Rfg5 34. Re1 f5 35. Re8+ Kg7 0-1

[Event "Gibraltar Masters 11th"]
[Site "Caleta"]
[Date "2013.01.30"]
[Round "9"]
[White "Kazmierczak, Ewa"]
[Black "Sevillano Leal, Julio"]
[Result "1/2-1/2"]
[WhiteElo "1512"]
[BlackElo "1807"]
[PlyCount "64"]
[EventDate "2013.01.22"]
[EventType "swiss"]
[EventRounds "10"]
[EventCountry "GGB"]
[SourceTitle "CBM 153"]
[Source "ChessBase"]
[SourceDate "2013.03.14"]
[SourceVersion "1"]
[SourceVersionDate "2013.03.14"]
[SourceQuality "1"]

1. e4 c5 2. Nf3 e6 3. d4 cxd4 4. Nxd4 a6 5. Nc3 Qc7 6. Bd3 Nf6 7. Qe2 d6 8. 0-0 Be7 9. Bd2 0-0 10. Kh1 Nbd7 11. f4 b5 12. Rae1 Nc5 13. e5 Nxd3 14. Qxd3 Nd7 15. Qg3 Bb7 16. f5 dxe5 17. fxe6 Nf6 18. Nf5 g6 19. exf7+ Kxf7 20. Nxe7 Qxe7 21. Bg5 Kg7 22. Qxe5 Qxe5 23. Rxe5 Nd5 24. Kg1 Rxf1+ 25. Kxf1 Rf8+ 26. Kg1 Nxc3 27. bxc3 Rf7 28. c4 bxc4 29. Rc5 Be4 30. Rxc4 Bd5 31. Ra4 Bc6 32. Rf4 Rd7 1/2-1/2

[Event "Gibraltar Masters 11th"]
[Site "Caleta"]
[Date "2013.01.27"]
[Round "6"]
[White "Sevillano Leal, Julio"]
[Black "Lyell, Mark"]
[Result "0-1"]
[WhiteElo "1807"]
[BlackElo "2235"]
[PlyCount "48"]
[EventDate "2013.01.22"]
[EventType "swiss"]
[EventRounds "10"]
[EventCountry "GGB"]
[SourceTitle "CBM 153"]
[Source "ChessBase"]
[SourceDate "2013.03.14"]
[SourceVersion "1"]
[SourceVersionDate "2013.03.14"]
[SourceQuality "1"]

1. c4 e5 2. Nc3 Nc6 3. g3 f5 4. d3 Nf6 5. Bg2 Bb4 6. Bd2 0-0 7. Nd5 Bxd2+ 8. Qxd2 d6 9. e3 Ne7 10. Nxf6+ Rxf6 11. Ne2 Qe8 12. Nc3 f4 13. Nd5 Nxd5 14. Bxd5+ Kh8 15. Qe2 c6 16. Be4 Be6 17. 0-0 Qf7 18. Bh1 f3 19. Qd2 Rh6 20. e4 Qh5 21. h4 Rf8 22. Rfe1 Rf4 23. Re3 Rxh4 24. Bxf3 Rh1+ 0-1

[Event "Gibraltar Masters 11th"]
[Site "Caleta"]
[Date "2013.01.24"]
[Round "3"]
[White "Sevillano Leal, Julio"]
[Black "Fairbairn, Stephen"]
[Result "0-1"]
[WhiteElo "1807"]
[BlackElo "2021"]
[PlyCount "66"]
[EventDate "2013.01.22"]
[EventType "swiss"]
[EventRounds "10"]
[EventCountry "GGB"]
[SourceTitle "CBM 153"]
[Source "ChessBase"]
[SourceDate "2013.03.14"]
[SourceVersion "1"]
[SourceVersionDate "2013.03.14"]
[SourceQuality "1"]

1. c4 d6 2. Nc3 g6 3. g3 Bg7 4. Bg2 Nc6 5. Nf3 e5 6. 0-0 f5 7. d3 Nf6 8. a3 0-0 9. Qc2 h6 10. b4 Be6 11. e3 Qd7 12. Bb2 g5 13. Rac1 Ne7 14. Ne2 Ng6 15. Nd2 c6 16. f4 Ng4 17. Rf3 Rae8 18. h3 Nf6 19. Rf2 gxf4 20. exf4 e4 21. dxe4 fxe4 22. Nxe4 Bf5 23. Bxf6 Bxf6 24. Nxf6+ Rxf6 25. Qc3 Rfe6 26. Qf3 Qg7 27. Qh5 Bd3 28. Bf3 Bxe2 29. Bxe2 Nxf4 30. Rxf4 Qxg3+ 31. Kh1 Qxf4 32. Rg1+ Kh8 33. Bg4 Re1 0-1

[Event "Seville op 36th"]
[Site "Seville"]
[Date "2011.01.07"]
[Round "1"]
[White "Sevillano Leal, Julio"]
[Black "Starostits, Ilmars"]
[Result "0-1"]
[WhiteElo "1876"]
[BlackElo "2494"]
[PlyCount "44"]
[EventDate "2011.01.07"]
[EventType "swiss"]
[EventRounds "9"]
[EventCountry "ESP"]
[SourceTitle "CBM 140 Extra"]
[Source "ChessBase"]
[SourceDate "2011.03.01"]
[SourceVersion "1"]
[SourceVersionDate "2011.03.01"]
[SourceQuality "1"]

1. d4 d5 2. Nf3 Bf5 3. c4 e6 4. Nc3 Nc6 5. cxd5 exd5 6. Qb3 Nf6 7. Bg5 Na5 8. Qa4+ c6 9. Bxf6 gxf6 10. e3 b5 11. Bxb5 cxb5 12. Qxb5+ Bd7 13. Qxd5 Bc6 14. Qf5 Bb4 15. Rc1 Rg8 16. a3 Bxc3+ 17. Rxc3 Rxg2 18. Rc5 Rc8 19. Kf1 Rg6 20. Rg1 Nb7 21. Rc3 Nd6 22. Qc2 Bxf3 0-1

[Event "San Fernando op 18th"]
[Site "San Fernando"]
[Date "2004.07.20"]
[Round "4"]
[White "Sevillano Leal, Julio"]
[Black "Diaz Vichi, Francisco"]
[Result "0-1"]
[WhiteElo "2015"]
[BlackElo "1983"]
[PlyCount "64"]
[EventDate "2004.07.18"]
[EventType "swiss"]
[EventRounds "8"]
[EventCountry "ESP"]
[SourceTitle "CBM 101 Extra"]
[Source "ChessBase"]
[SourceDate "2004.09.01"]
[SourceVersion "2"]
[SourceVersionDate "2004.09.01"]
[SourceQuality "1"]

1. d4 d5 2. c4 c6 3. Nc3 Nf6 4. Nf3 dxc4 5. e3 b5 6. a4 b4 7. Na2 a5 8. Bxc4 Ba6 9. b3 e6 10. Bb2 Nbd7 11. Nc1 Qb6 12. 0-0 Bd6 13. Nd3 0-0 14. Nd2 c5 15. Rc1 Rac8 16. Qf3 Bb7 17. Qh3 Ne4 18. Nxe4 Bxe4 19. Rfd1 Ba8 20. Bxe6 fxe6 21. Qxe6+ Rf7 22. Qg4 Qb7 23. dxc5 Nxc5 24. Nxc5 Bxc5 25. Rxc5 Rxc5 26. Rd8+ Rf8 27. Rd7 Qxg2+ 28. Qxg2 Bxg2 29. Rxg7+ Kh8 30. Rxg2+ Rc3 31. Bxc3+ bxc3 32. f4 Rg8 0-1